000 00511nam a2200193Ia 4500
001 2079
005 20260424130242.0
008 260306t2010||||xx |||||||||||||| ||spa||
041 _aESP
082 _a612.64
_bS712
100 _aSadler, T. W.,
_eAUT
245 0 _aEmbriología médica
260 _c2010
300 _ax, 387 páginas :
_c25 cm.
650 _aGEN
654 _aCCS
856 _uhttps://itmsp.museknowledge.com/UCSP?groupID=2
_zVéase además: Biblioteca Digital
942 _cLIB
_dJUS
_fJUS
_2ddc
999 _c2079
_d2079